NFL Offensive Starters 2022 - Statistics

General Stats
  • This quiz has been taken 905 times
  • The average score is 92 of 128
Answer Stats
Team Position Player % Correct
Bills QB Josh Allen
95%
Chargers WR Keenan Allen
94%
Broncos QB Russell Wilson
94%
Bengals QB Joe Burrow
93%
Bears QB Justin Fields
93%
Browns WR Donovan Peoples-Jones
92%
Packers RB Aaron Jones
91%
Lions WR Amon-Ra St. Brown
91%
Giants QB Daniel Jones
91%
49ers WR Deebo Samuel
91%
Chargers QB Justin Herbert
91%
Patriots QB Mac Jones
91%
Jaguars WR Marvin Jones Jr.
91%
Chiefs QB Patrick Mahomes
91%
Cowboys QB Dak Prescott
90%
Bears WR Equanimeous St. Brown
90%
Bengals WR Ja'Marr Chase
90%
Chiefs WR JuJu Smith-Schuster
90%
Eagles WR A.J. Brown
89%
Eagles WR Devonta Smith
89%
Seahawks QB Geno Smith
89%
Cardinals WR Marquise Brown
89%
Bills WR Stefon Diggs
89%
Buccaneers QB Tom Brady
89%
Cardinals QB Kyler Murray
88%
Buccaneers WR Mike Evans
88%
Dolphins WR Tyreek Hill
88%
Commanders WR Curtis Samuel
87%
Eagles QB Jalen Hurts
87%
Broncos RB Javonte Williams
87%
Bengals RB Joe Mixon
87%
Chargers WR Mike Williams
87%
Dolphins QB Tua Tagovailoa
87%
Cowboys WR CeeDee Lamb
86%
Cowboys RB Ezekiel Elliot
86%
Bengals WR Tee Higgins
86%
Packers QB Aaron Rodgers
85%
Colts RB Jonathan Taylor
85%
Ravens QB Lamar Jackson
85%
Browns RB Nick Chubb
85%
Jaguars QB Trevor Lawrence
85%
Rams QB Matthew Stafford
84%
Panthers QB Baker Mayfield
83%
Buccaneers WR Chris Godwin
83%
Lions QB Jared Goff
83%
Giants RB Saquon Barkley
83%
Browns WR Amari Cooper
82%
Panthers RB Christian McCaffrey
82%
Vikings RB Dalvin Cook
82%
Dolphins WR Jaylen Waddle
82%
Broncos WR Jerry Jeudy
82%
Colts QB Matt Ryan
82%
49ers QB Trey Lance
82%
Raiders WR Davante Adams
81%
Panthers WR DJ Moore
81%
Chargers RB Austin Ekeler
80%
49ers WR Brandon Aiyuk
80%
Rams WR Cooper Kupp
80%
Jets WR Corey Davis
80%
Raiders QB Derek Carr
80%
Jets WR Elijah Moore
80%
Bills WR Gabriel Davis
80%
Colts WR Michael Pittman Jr.
80%
Vikings QB Kirk Cousins
78%
Rams WR Allen Robinson
77%
Jaguars RB James Robinson
77%
Vikings WR Justin Jefferson
77%
Broncos WR Courtland Sutton
76%
Patriots RB Damien Harris
76%
Bears RB David Montgomery
76%
Titans RB Derrick Henry
76%
Steelers RB Najee Harris
76%
Chiefs RB Clyde Edwards-Helaire
75%
Bears WR Darnell Mooney
75%
Cardinals RB James Conner
75%
Buccaneers RB Leonard Fournette
75%
Seahawks WR DK Metcalf
74%
Raiders RB Josh Jacobs
74%
Titans QB Ryan Tannehill
74%
Saints RB Alvin Kamara
73%
Bills RB Devin Singletary
73%
Commanders WR Terry McLaurin
73%
Lions RB D'Andre Swift
72%
Saints WR Michael Thomas
72%
Saints QB Jameis Winston
72%
Seahawks WR Tyler Lockett
72%
Eagles RB Miles Sanders
71%
Texans QB Davis Mills
70%
Steelers WR Diontae Johnson
70%
Falcons QB Marcus Mariota
70%
Commanders QB Carson Wentz
69%
Vikings WR Adam Thielen
68%
Browns QB Jacoby Brissett
66%
Jets QB Joe Flacco
65%
Texans WR Brandin Cooks
63%
Jaguars WR Christian Kirk
63%
Packers WR Allen Lazard
62%
Falcons WR Drake London
61%
Steelers QB Mitchell Trubisky
61%
Commanders RB Antonio Gibson
60%
Steelers WR Chase Claypool
58%
Saints WR Chris Olave
58%
Texans RB Dameon Pierce
58%
Falcons RB Cordarrelle Patterson
57%
49ers RB Elijah Mitchell
57%
Raiders WR Hunter Renfrow
57%
Ravens WR Rashod Bateman
49%
Chiefs WR Marquez Valdes-Scantling
47%
Packers WR Randall Cobb
47%
Giants WR Kenny Golladay
46%
Seahawks RB Rashaad Penny
46%
Giants WR Kadarius Toney
45%
Titans WR Robert Woods
44%
Panthers WR Robby Anderson
41%
Rams RB Darrell Henderson Jr.
39%
Patriots WR DeVante Parker
39%
Jets RB Michael Carter
39%
Lions WR DJ Chark
36%
Cardinals WR A.J. Green
32%
Texans WR Nico Collins
32%
Ravens WR Devin Duvernay
30%
Colts WR Parris Campbell
28%
Patriots WR Nelson Agholor
27%
Dolphins RB Chase Edmonds
25%
Falcons WR Olamide Zaccheaus
21%
Ravens RB Kenyan Drake
15%
Titans WR Nick Westbrook-Ikhine
15%
Cowboys WR Jalen Tolbert
11%
No matching quizzes found
Score Distribution
Percent of People with Each Score
Percentile by Number Answered
Your Score History
You have not taken this quiz